Rising the competitiveness of Slovakia through strategic cooperation in tourism - example of Carpathian region

Rast konkurencieschopnosti Slovenska v dôsledku strategickej spolupráce v cestovnom ruchu. Príklad karpatského regiónu. Návštevnosť karpatského regiónu.

Guardado en:
Detalles Bibliográficos
Autor principal: Magátová, Ivana
Otros Autores: Nebeský, Ľubomír, Šprochová, Lenka
Formato: Capítulo de libro
Lenguaje:inglés
Materias:
Etiquetas: Agregar Etiqueta
Sin Etiquetas, Sea el primero en etiquetar este registro!

MARC

LEADER 00000naa$a2200000$$$4500
001 0216191
005 20240522071215.4
041 0 |a eng 
044 |a PL 
245 1 0 |a Rising the competitiveness of Slovakia through strategic cooperation in tourism - example of Carpathian region  |c Ivana Magátová, Ľubomír Nebeský, Lenka Šprochová 
520 |a Rast konkurencieschopnosti Slovenska v dôsledku strategickej spolupráce v cestovnom ruchu. Príklad karpatského regiónu. Návštevnosť karpatského regiónu. 
610 2 0 |a ruch cestovný 
610 2 0 |a konkurencieschopnosť 
610 2 0 |a Slovensko 
610 2 0 |a SVE 
100 1 |a Magátová, Ivana 
700 1 |a Nebeský, Ľubomír 
700 1 |a Šprochová, Lenka